Fare contro informazione
Sábháilte in:
| Údar corparáideach: | |
|---|---|
| Formáid: | LEABHAR |
| Teanga: | Béarla |
| Foilsithe / Cruthaithe: |
Savelli
1973
|
| Clibeanna: |
Níl clibeanna ann, Bí ar an gcéad duine le clib a chur leis an taifead seo!
|
MARC
| LEADER | 00000nam a2200000 4500 | ||
|---|---|---|---|
| 005 | 20240925182218.0 | ||
| 008 | 240724b |||||||| |||| 00| 0 eng d | ||
| 040 | |c GP | ||
| 110 | |a Controcultura | ||
| 245 | |a Fare contro informazione | ||
| 260 | |b Savelli |c 1973 | ||
| 942 | |2 ddc |c BK |n 0 | ||
| 952 | |0 0 |1 0 |2 ddc |4 0 |6 080_000000000000000_CON |7 1 |9 1694 |a RM |b RM |d 2024-07-24 |l 0 |o 080 CON |p 419 |r 2024-07-24 16:55:55 |w 2024-07-24 |y BK | ||
| 999 | |c 1507 |d 1507 | ||